00972nam a2200289Ic 450000100060000000300100000600500170001600700030003300800410003602000180007704000350009504100080013008400060013810000310014424500870017525000220026226400520028430000430033633600270037933700330040633800280043950000600046765000360052765000410056365000390060470000390064358707CO-BoRNBP20250827185850.0ta180109s9999 xx 000 0 und d a9788493732578 aCO-BoRNBPbspaerdacCO-BoRNBP aspa aP aSuárez, Ana,d1987-eaut10aColores y más colores /cMaría Rosa Serdio ; ilustraciones de Ester Sánchez. aPrimera edición 1aAsturias :bPintar-Pintar Editorial;2010,c2010 a36 páginas :bilustraciones en color atextobtxt2rdacontent asin mediaciónbn2rdamedia avolumenbnc2rdacarrier aContiene información sobre la autora y la ilustradora07aColores en la literatuara2lemb04aLiteratura infantil española2LEMB04aPoesía infantil española2LEMB1 aSánchez, Ester, ilustradoraeill